000 00479cam a2200205ua 4500
001 9854
008 160930n ii |||gr||||Z||||||eng
020 _a9788120302167
040 _cMAIN
041 _aeng
082 _a170
100 _aFrankena, William K.,
_eAuthor.
245 _aEthics
_cBy William K. Frankena
250 _a2nd ed.
260 _aNew Delhi:
_bPrentice hall of India,
_c2007.
300 _a125p.
653 _aEthics
653 _aSociology
942 _cBK
999 _c8864
_d8864